000 01962nam a2200421 a 4500
001 ebr10662202
003 CaPaEBR
006 m u
007 cr cn|||||||||
008 100713s2011 lauab sb 001 0beng d
010 _z 2010029101
020 _z9780807137253 (cloth : alk. paper)
020 _z0807137251 (cloth : alk. paper)
020 _z9780807139318 (e-book)
040 _aCaPaEBR
_cCaPaEBR
035 _a(OCoLC)824363012
043 _aa-cc---
_an-us---
050 1 4 _aBV3427.M55
_bS86 2011eb
082 0 4 _a266/.02373051092
_aB
_222
100 1 _aSullivan, Regina D.,
_d1962-
245 1 0 _aLottie Moon
_h[electronic resource] :
_ba Southern Baptist missionary to China in history and legend /
_cRegina D. Sullivan.
260 _aBaton Rouge :
_bLouisiana State University Press,
_cc2011.
300 _axii, 253 p. :
_bill., map.
440 0 _aSouthern biography series
504 _aIncludes bibliographical references and index.
505 0 _a"A girl of the Old South" : 1840-1873 -- "Responsible to God and not to man" : 1873-1885 -- The "disorderly" walk : 1886-1891 -- Creating a female public : 1889-1899 -- Creating the "Lottie Moon story" : 1900-1912 and beyond.
533 _aElectronic reproduction.
_bPalo Alto, Calif. :
_cebrary,
_d2013.
_nAvailable via World Wide Web.
_nAccess may be limited to ebrary affiliated libraries.
600 1 0 _aMoon, Lottie,
_d1840-1912.
610 2 0 _aSouthern Baptist Convention
_xMissions
_zChina
_xHistory.
650 0 _aMissionaries
_zChina
_vBiography.
650 0 _aWomen missionaries
_zChina
_vBiography.
650 0 _aMissionaries
_zUnited States
_vBiography.
650 0 _aWomen missionaries
_zUnited States
_vBiography.
650 0 _aWomen in missionary work
_zChina
_xHistory.
655 7 _aElectronic books.
_2local
710 2 _aebrary, Inc.
856 4 0 _uhttp://site.ebrary.com/lib/rucke/Doc?id=10662202
_zAn electronic book accessible through the World Wide Web; click to view
999 _c69886
_d69886